UBT Library

APPLIED MULTIVARIATE TECHNIQUES (Record no. 38839)

000 -LEADER
fixed length control field 00300nam a22001337a 4500
008 - FIXED-LENGTH DATA ELEMENTS--GENERAL INFORMATION
fixed length control field 171208b xxu||||| |||| 00| 0 eng d
020 ## - INTERNATIONAL STANDARD BOOK NUMBER
International Standard Book Number 9780471310648
041 ## - LANGUAGE CODE
Language code of text/sound track or separate title eng
080 ## - UNIVERSAL DECIMAL CLASSIFICATION NUMBER
Universal Decimal Classification number 621
100 ## - Rafti
Rafti 27
101 ## - Shkurtesa
Shkurtesa MEK
245 ## - TITLE STATEMENT
Title APPLIED MULTIVARIATE TECHNIQUES
Statement of responsibility, etc SHARMA, S
942 ## - ADDED ENTRY ELEMENTS (KOHA)
Source of classification or shelving scheme
Item type Books
Holdings
Withdrawn status Lost status Source of classification or shelving scheme Damaged status Not for loan Collection code Permanent location Current location Shelving location Date acquired Total Checkouts Full call number Barcode Date last seen Price effective from Koha item type
          Koleksioni i përgjithshem UBT - Lipjan UBT - Lipjan General Stacks 12/08/2017   621 SHAR 002-2939236 12/08/2017 12/08/2017 Books
UBT Library © 2015-2024. All rights reserved University Education for Business and Technology